000 00365nam a22001217a 4500
003 SGT
082 _a891.4309
_bP15S
100 _aशर्मा, देव प्रकाश
245 _aपुरापाषाण काल में मानव
260 _bराष्ट्रीय संग्राहलय
_c2015
300 _a47
942 _2ddc
_cBK
999 _c31924
_d31924